Những vấn đề lý luận và lịch sử văn học

Tallennettuna:
Bibliografiset tiedot
Päätekijä: HÀ MINH ĐỨC
Aineistotyyppi: Kirja
Kieli:Undetermined
Julkaistu: Hà Nội KHXH 2001
Aiheet:
Tagit: Lisää tagi
Ei tageja, Lisää ensimmäinen tagi!
Thư viện lưu trữ: Trung tâm Học liệu Trường Đại học Cần Thơ
LEADER 00574nam a2200169Ia 4500
001 CTU_45339
008 210402s9999 xx 000 0 und d
082 |a 895.92209 
082 |b Đ552 
100 |a HÀ MINH ĐỨC 
245 0 |a Những vấn đề lý luận và lịch sử văn học 
245 0 |c HÀ MINH ĐỨC, Phan Trọng Thưởng, Trương Đăng Dung 
260 |a Hà Nội 
260 |b KHXH 
260 |c 2001 
650 |a vietnamese literature - history and criticism 
980 |a Trung tâm Học liệu Trường Đại học Cần Thơ